000 00578nam a2200205 a 4500
001 BRCA_7908
005 20190320210039.0
008 170214s1933----gw-a######---#000-0#ger-#
041 _ager
044 _agw
050 4 _aN5300
_b.H36 1933
100 1 _aHamann, Richard
_99294
245 1 0 _aGeschichte der Kunst
_bvon der altchristlichen zeit bis zur Gegenwart
_cvon Richard Hamann.
260 _aBerlin
_bTh. Knaur Nachf
_c1933
300 _a968 p.
_bil. a color, 12 láminas
_c24 cm.
500 _aY192
650 1 4 _aArte
_xHistoria
_919559
902 _aGFM
942 _2lcc
_cB
999 _c7580
_d7580